• 首页
  • 本馆介绍
  • 公告通知
  • 最新文献
  • 馆藏检索
  • 电子资源
  • 读者导购
  • 参考咨询
  • 我的图书馆
  • 登录
  • 详细信息显示
  • 放入我的书架
  • 预约/预借图书
  • 作者相关作品
  • 分类相关作品
  • 丛书相关作品
  • 出版社相关作品

书目信息

  • 表格格式
  • 工作单格式
  • 卡片格式
题名:
双季稻栽培技术
    
 
作者: 王如海 编著
分册:  
出版信息: 杭州   浙江人民出版社  1958
页数: 85页
开本: 19cm
丛书名:
单 册:
中图分类: S511.4
科图分类:
主题词: 双季稻--栽培技术
电子资源:
ISBN: T16103.66
000 00627cam0 2200229 450
001 0105435387
005 20060809135905.0
010    @aT16103.66@dCNY0.20
091    @aT16103.66@dCNY0.20
100    @a19970623d1958 em y0chiy0110 ea
101 0  @achi
102    @aCN@b330000
105    @ay z 000yy
106    @ar
200 1  @a双季稻栽培技术@9Shuang Ji Dao Zai Pei Ji Shu;Zhu @f王如海等编著@b专著
210    @a杭州@c浙江人民出版社@d1958
215    @a85页@d19cm
606 0  @a双季稻@x栽培技术
690    @aS511.4@v3
701  0 @a王如海@9wang ru hai@4编著
801  0 @aCN@bAiZhiMarc
905    @aBZT@dS511.4@e1@f2@sS511.4/1
    
    双季稻栽培技术/王如海等编著.-杭州:浙江人民出版社,1958
    85页;19cm
    
    
    ISBN T16103.66:CNY0.20
    
●
相关链接 在五车中查询图书 在当当中查询图书 在豆瓣中查询图书


正题名:双季稻栽培技术     索取号:S511.4/1         预约/预借

序号 登录号 条形码 馆藏地/架位号 状态 备注
1 2000077401   2000077401   旧书回溯/ [索取号:S511.4/1] 在馆    
2 2000077823   2000077823   旧书回溯/ [索取号:S511.4/1] 在馆    
山东省滨州职业学院图书馆 欢迎您!
大连网信软件有限公司© 版权所有